000 00413nam a2200193Ia 4500
005 20240823035324.0
008 240823s9999||||xx |||||||||||||| ||und||
020 _a978-93-82618-19-5
041 _aENGLISH
082 _A823.92 Q2
100 _aMukul Deva
245 0 _aRip
250 _a1st
260 _c2012
_bWestlan
500 _aISSUED
650 _aNovel
_bEnglish
942 _cBK
999 _c200408
_d200408